[Event "Udaipur Lakecity op 3rd"]
[Site "Udaipur"]
[Date "2019.03.29"]
[Round "3"]
[White "Gupta, Dinesh"]
[Black "Devesh, Mukherjee"]
[Result "1-0"]
[WhiteElo "1593"]
[BlackElo "1884"]
[PlyCount "101"]
[EventDate "2019.03.28"]
[EventType "swiss"]
[EventRounds "8"]
[EventCountry "IND"]
[SourceTitle "CBM 189 Extra"]
[Source "ChessBase"]
[SourceDate "2019.05.31"]
[SourceVersion "1"]
[SourceVersionDate "2019.05.31"]
[SourceQuality "1"]

1. e4 c5 2. Nf3 e6 3. d4 cxd4 4. Nxd4 a6 5. a3 Nf6 6. Nc3 Qc7 7. Be2 Be7 8. Be3 Nc6 9. f4 d6 10. Bf3 Nxd4 11. Bxd4 e5 12. Be3 exf4 13. Bxf4 Be6 14. 0-0 0-0 15. Kh1 Nd7 16. Nd5 Bxd5 17. exd5 Bf6 18. Rb1 b5 19. Be4 Rfe8 20. Bd3 Nc5 21. Rf3 Na4 22. c3 g6 23. Bc2 Nb6 24. a4 Bg7 25. axb5 axb5 26. Bd3 Nc4 27. Bc1 Qb7 28. b3 Ne5 29. Rf1 Qxd5 30. Be2 Qc5 31. Bb2 Re7 32. c4 b4 33. Bd4 Qc7 34. Qd2 Rb8 35. Rbc1 Nd7 36. Bxg7 Kxg7 37. Bf3 Nc5 38. Bd5 Rf8 39. Qxb4 Re3 40. Rf3 Qe7 41. Qd2 Rxf3 42. gxf3 Qe5 43. f4 Qf6 44. Rb1 Re8 45. b4 Ne4 46. Qe3 Nc3 47. Qxe8 Nxb1 48. b5 Na3 49. Qxf7+ Qxf7 50. Bxf7 Kxf7 51. b6 1-0